Tvorba rezervy na pohľadávky voči dlžníkom v konkurznom a vyrovnacom konaní z pohľadu dane z príjmov
Všeobecné pravidlá pre tvorbu a čerpanie rezerv. Zákon o rezervách. Pravidlá pre tvorbu a čerpanie rezervy na pohľadávky voči dlžníkom v konkurznom a vyrovnávacom konaní. Lehota, počas ktorej je možné rezervu voči dlžníkom v konkurznom konaní začať tvoriť.
Uložené v:
| Hlavný autor: | |
|---|---|
| Médium: | Kapitola |
| Jazyk: | Slovak |
| Predmet: | |
| Tagy: |
Žiadne tagy, Buďte prvý, kto otaguje tento záznam!
|
MARC
| LEADER | 00000naa a2200000 4500 | ||
|---|---|---|---|
| 001 | r036663 | ||
| 005 | 20230926082113.6 | ||
| 041 | 0 | |a slo | |
| 044 | |a SK | ||
| 245 | 1 | 0 | |a Tvorba rezervy na pohľadávky voči dlžníkom v konkurznom a vyrovnacom konaní z pohľadu dane z príjmov |c Dalila Luknárová |
| 520 | |a Všeobecné pravidlá pre tvorbu a čerpanie rezerv. Zákon o rezervách. Pravidlá pre tvorbu a čerpanie rezervy na pohľadávky voči dlžníkom v konkurznom a vyrovnávacom konaní. Lehota, počas ktorej je možné rezervu voči dlžníkom v konkurznom konaní začať tvoriť. | ||
| 610 | 2 | 0 | |a rezervy |
| 610 | 2 | 0 | |a základ dane |
| 610 | 2 | 0 | |a tvorba rezerv |
| 610 | 2 | 0 | |a pohľadávky |
| 610 | 2 | 0 | |a dlžníci |
| 610 | 2 | 0 | |a úpravy právne |
| 100 | 1 | |a Luknárová - Kutišová, Dalila | |